|
|
|
|
| LEADER |
00000nab a2200000 ar4500 |
| 001 |
vtls010644852 |
| 003 |
SK-MaSNL |
| 005 |
20260303090704.0 |
| 008 |
141230c2014 xo |r|p||| |000 b|slo |
| 015 |
|
|
|a SNBRB2014/12
|
| 038 |
|
|
|a SPK
|
| 040 |
|
|
|a SPKCL
|b slo
|c AACR2
|e AACR2
|
| 041 |
0 |
|
|a slo
|
| 044 |
|
|
|a xo
|c SK
|
| 080 |
|
|
|a 616.89-008.441.42
|2 2001
|
| 245 |
0 |
0 |
|a Môj život s poruchami príjmu potravy
|
| 300 |
|
|
|b Fotogr.
|
| 650 |
0 |
7 |
|a poruchy príjmu potravy
|2 snkbucl
|9 19969
|
| 773 |
0 |
|
|t Sociálna prevencia
|g Roč. IX., č. 1(2014), s. 29-30
|x 1336-9679
|
| 852 |
|
|
|a SPK
|b KIS3GCP
|
| 856 |
4 |
1 |
|a http://www.infodrogy.sk/index.cfm?module=Library&page=Document&DocumentID=1067
|
| 999 |
|
|
|c 1804331
|d 1806261
|